[Event "Online Olym Div3 D 2020"]
[Site "chess.com INT"]
[Date "2020.07.08"]
[Round "4.4"]
[Board "5"]
[White "Bjerre, Jonas Buhl"]
[Black "Salazar Olchowski, Gabriel Anton"]
[Result "1-0"]
[WhiteTitle "GM"]
[BlackTitle "FM"]
[WhiteElo "2549"]
[BlackElo "2159"]
[WhiteTeam "Denmark"]
[BlackTeam "Venezuela"]
[WhiteFideId "1444948"]
[BlackFideId "3920747"]
[EventDate "2020.07.07"]
[EventType "team"]

1. d4 Nf6 2. c4 c5 3. d5 b5 4. cxb5 a6 5. bxa6 g6 6. Nc3 Bg7 7. e4 O-O 8. Nf3
Qa5 9. Bd2 Bxa6 10. Be2 Bxe2 11. Qxe2 Qa6 12. a4 Qxe2+ 13. Kxe2 Na6 14. Rab1
Rfb8 15. Ne1 c4 16. Be3 Ng4 17. Nc2 Nxe3 18. Nxe3 Nc5 19. Nxc4 Rb4 20. Nd2 Rab8
21. Rhc1 Rxb2 22. Rxb2 Rxb2 23. Nd1 Rxd2+ 24. Kxd2 Nb3+ 25. Kc2 Nxc1 26. Kxc1
Bd4 27. Kc2 Kf8 28. Kd3 Bc5 29. Kc4 d6 30. Kb5 Ke8 31. Kc6 Kd8 32. Kb7 e6 33. a5
exd5 34. exd5 Ke7 35. a6 Kf6 36. a7 Bxa7 37. Kxa7 Ke5 38. Ne3 f5 39. g3 g5 40.
Kb6 f4 41. Kc6 fxe3 42. fxe3 h5 43. h4 g4 44. e4 Kxe4 45. Kxd6 Kf3 46. Ke5 Kxg3
47. d6 Kxh4 48. d7 g3 49. Kf4 g2 50. d8=Q+ Kh3 51. Qd3+ Kh2 52. Qg3+ Kh1 53.
Qh3+ Kg1 54. Kf3 Kf1 55. Qxg2+ Ke1 56. Qe2# 1-0

[Event "Online Olym Div3 D 2020"]
[Site "chess.com INT"]
[Date "2020.07.08"]
[Round "4.4"]
[Board "6"]
[White "Alvarado Arcila, Marvia Josefina"]
[Black "van den Brink, Nienke"]
[Result "1/2-1/2"]
[WhiteTitle "WFM"]
[WhiteElo "1967"]
[BlackElo "1811"]
[WhiteTeam "Venezuela"]
[BlackTeam "Denmark"]
[WhiteFideId "3909034"]
[BlackFideId "1452568"]
[EventDate "2020.07.07"]
[EventType "team"]

1. c4 f5 2. Nc3 Nf6 3. g3 d6 4. Bg2 g6 5. d3 Bg7 6. e4 c6 7. Nge2 e5 8. O-O O-O
9. Rb1 a5 10. a3 Be6 11. b4 f4 12. gxf4 exf4 13. Nxf4 Bg4 14. f3 Qb6+ 15. c5
dxc5 16. Na4 Qb5 17. Nxc5 axb4 18. axb4 Bc8 19. Qb3+ Kh8 20. Nfe6 Bxe6 21. Nxe6
Re8 22. Nxg7 Kxg7 23. Bb2 Nd7 24. d4 Ra4 25. Bc3 Rea8 26. e5 Nd5 27. Bd2 Ra3 28.
Qd1 Qd3 29. Qc1 Qxd4+ 30. Kh1 Nxe5 31. Bh6+ Kg8 32. Rd1 Qc3 1/2-1/2

[Event "Online Olym Div3 D 2020"]
[Site "chess.com INT"]
[Date "2020.07.08"]
[Round "4.5"]
[Board "1"]
[White "Paiva, Donaldo"]
[Black "Salinas Herrera, Pablo"]
[Result "0-1"]
[WhiteTitle "CM"]
[BlackTitle "GM"]
[WhiteElo "2230"]
[BlackElo "2514"]
[WhiteTeam "Mozambique"]
[BlackTeam "Chile"]
[WhiteFideId "14800098"]
[BlackFideId "3407128"]
[EventDate "2020.07.07"]
[EventType "team"]

1. e4 e5 2. Nf3 Nc6 3. Bb5 a6 4. Ba4 d6 5. c3 Bd7 6. O-O g6 7. d4 Bg7 8. d5 Nce7
9. Bxd7+ Qxd7 10. c4 h6 11. Nc3 f5 12. Re1 Nf6 13. a4 O-O 14. a5 c6 15. Nd2 cxd5
16. cxd5 Rac8 17. Qa4 Qc7 18. Qb4 Rfd8 19. f3 fxe4 20. fxe4 Rf8 21. Nf3 Qc5+ 22.
Qxc5 Rxc5 23. Be3 Rc4 24. Nd2 Rb4 25. Ra2 h5 26. h3 Rc8 27. Bg5 Kf7 28. Rf1 Ng8
29. Rf3 Ke8 30. b3 Nh7 31. h4 Nxg5 32. hxg5 Bf8 33. Ra3 Be7 34. Nc4 Rcxc4 35.
bxc4 Bxg5 36. Ra4 Rb2 37. Ra2 Rb4 38. Ra4 Rb2 39. Rg3 Bf4 40. Rxg6 Nh6 41. Ra2
Rb3 42. Rc2 Ng4 43. g3 Be3+ 44. Kh1 Bc5 45. Ne2 Rb1+ 46. Rc1 Rb2 47. Rf1 Nf2+
48. Rxf2 Bxf2 49. Nc3 Rb3 50. Na4 Rb4 51. Nb6 Bxb6 52. axb6 Rxb6 53. Kg2 Kd7 54.
Kh3 Rb4 55. Rg7+ Kc8 56. Rg8+ Kc7 57. Rg7+ Kb6 58. Rd7 Kc5 59. Rc7+ Kd4 60. c5
dxc5 61. d6 Kxe4 62. d7 Rd4 63. Rxb7 c4 64. Kh4 Kd3+ 65. Kxh5 c3 66. g4 c2 67.
Rc7 e4 68. g5 e3 69. g6 e2 70. g7 e1=Q 71. g8=Q Qh1+ 72. Kg6 Rg4+ 0-1

[Event "Online Olym Div3 D 2020"]
[Site "chess.com INT"]
[Date "2020.07.08"]
[Round "4.5"]
[Board "2"]
[White "Valenzuela Fuentealba, Luis"]
[Black "Napoleao, Lourenco"]
[Result "1/2-1/2"]
[WhiteTitle "IM"]
[WhiteElo "2444"]
[BlackElo "1807"]
[WhiteTeam "Chile"]
[BlackTeam "Mozambique"]
[WhiteFideId "3401294"]
[BlackFideId "14801302"]
[EventDate "2020.07.07"]
[EventType "team"]

1. d4 d5 2. Nf3 Nf6 3. c4 c6 4. Nc3 e6 5. e3 Nbd7 6. Qc2 Bd6 7. Bd3 O-O 8. O-O
e5 9. cxd5 cxd5 10. e4 exd4 11. Nxd5 Nxd5 12. exd5 h6 13. Nxd4 Bxh2+ 14. Kxh2
Qh4+ 15. Kg1 Qxd4 16. Rd1 Qh4 17. g3 Qf6 18. Qc3 Ne5 19. Bf4 Nxd3 20. Qxf6 gxf6
21. Rxd3 Kg7 22. f3 Bf5 23. Rc3 Rfc8 24. Bc7 Re8 25. Kf2 Bd7 26. a4 Rac8 27. g4
Re7 28. b3 Rce8 29. Ra2 Re1 30. Rd2 Rh1 31. Kg2 Ree1 32. Bh2 Rc1 33. Re3 Rhe1
34. Kf2 Rxe3 35. Kxe3 Rc3+ 36. Rd3 Rxd3+ 37. Kxd3 f5 38. Bg1 fxg4 39. fxg4 a6
40. Kd4 Bxg4 41. Kc5 Kf8 42. Kb6 Bd1 43. d6 Ke8 44. Kc7 Bg4 45. Kxb7 Kd7 46.
Kxa6 Bd1 47. b4 Bxa4 48. Bh2 Kc6 49. Ka5 Bd1 50. b5+ Kd7 51. Kb6 Bf3 52. Ka7 Kc8
53. Kb6 Kd7 54. Ka6 Kc8 55. Ka5 h5 56. Kb4 Bg2 57. Kc5 Bf3 58. Kd4 Bg4 59. Ke5
Kd7 60. Ke4 Be2 61. b6 Bf1 62. Ke5 Bg2 63. Kf6 Bd5 64. Bg3 Kc6 65. Ke7 Be6 66.
Bf2 h4 67. Bxh4 Kxb6 68. Bg3 Kc6 69. Bh2 Kb7 70. Be5 Kc6 71. Bf6 Kb7 72. Bh4 Kc6
73. Bg3 Kb7 74. Kd8 Kc6 75. Ke7 Kb7 76. d7 Bxd7 77. Kxd7 f5 78. Ke6 f4 79. Bf2
f3 80. Ke5 Ka6 81. Ke4 Kb7 82. Kxf3 1/2-1/2

[Event "Online Olym Div3 D 2020"]
[Site "chess.com INT"]
[Date "2020.07.08"]
[Round "4.5"]
[Board "3"]
[White "Vilhete, Vania Fausto Da T."]
[Black "Reyes Jara, Paula"]
[Result "0-1"]
[WhiteTitle "WIM"]
[BlackTitle "WFM"]
[WhiteElo "1799"]
[BlackElo "1871"]
[WhiteTeam "Mozambique"]
[BlackTeam "Chile"]
[WhiteFideId "14800144"]
[BlackFideId "3403920"]
[EventDate "2020.07.07"]
[EventType "team"]

1. d4 Nf6 2. c4 g6 3. Nc3 Bg7 4. Nf3 O-O 5. e4 d6 6. Be2 Nbd7 7. O-O e5 8. Bg5
h6 9. Bh4 g5 10. Bg3 Nh5 11. dxe5 Nxg3 12. hxg3 Nxe5 13. Nxe5 Bxe5 14. Rc1 Be6
15. Qc2 c6 16. Nd1 Qb6 17. b3 Qc5 18. Ne3 Bxg3 19. Ng4 Bxg4 20. Bxg4 Be5 21. Bf5
Bd4 22. Qe2 Qe5 23. Qh5 Kg7 24. Rcd1 c5 25. Rd3 Rae8 26. Rh3 Rh8 27. Rf3 Re7 28.
Qg4 a6 29. Rg3 Qf6 30. a3 b5 31. cxb5 axb5 32. a4 bxa4 33. bxa4 Ra7 34. Qd1 Rha8
35. Ra3 Qe5 36. Qc2 Qe8 37. Rf3 Rxa4 38. Qb3 Rb4 39. Qd5 Rab8 40. Bg4 Be5 41.
Bh5 R4b7 42. g3 Qe6 43. Qd3 Rb3 44. Qe2 Rxf3 45. Qxf3 Rb2 46. Bg4 Qf6 47. Qe3
Bd4 48. Qe1 Qe5 49. Kg2 c4 50. Bf5 c3 51. Qd1 Rd2 52. Qh5 c2 53. Rh1 Qf6 54. Qg4
Rxf2+ 55. Kh3 Be3 56. Re1 Bd2 57. Ra1 Qxa1 0-1

[Event "Online Olym Div3 D 2020"]
[Site "chess.com INT"]
[Date "2020.07.08"]
[Round "4.5"]
[Board "4"]
[White "Fuentes Inzunza, Lesly"]
[Black "Castro, Neusa Aridas De"]
[Result "1-0"]
[WhiteTitle "WFM"]
[BlackTitle "WCM"]
[WhiteElo "1840"]
[BlackElo "1512"]
[WhiteTeam "Chile"]
[BlackTeam "Mozambique"]
[WhiteFideId "3408205"]
[BlackFideId "14800250"]
[EventDate "2020.07.07"]
[EventType "team"]

1. d4 d5 2. Nf3 Bf5 3. c4 e6 4. Qb3 b6 5. Nc3 Bd6 6. cxd5 exd5 7. Qxd5 Nd7 8.
Qxf5 Ngf6 9. Bg5 O-O 10. e3 Be7 11. Bb5 Re8 12. O-O Rc8 13. Bxf6 Nxf6 14. Bxe8
Qxe8 15. Nd5 Nxd5 16. Qxd5 c6 17. Qe4 Qd7 18. Ne5 Qd6 19. Qf5 Qe6 20. Qxe6 fxe6
21. Rac1 c5 22. b4 Kf8 23. bxc5 bxc5 24. Nd7+ Ke8 25. Nxc5 Kf7 26. Ne4 Rb8 27.
Rb1 Rc8 28. Rfc1 Rd8 29. Rc7 Kf8 30. Rbb7 Bf6 31. Nxf6 gxf6 32. Rxh7 Kg8 33. h4
a5 34. h5 e5 35. h6 1-0

[Event "Online Olym Div3 D 2020"]
[Site "chess.com INT"]
[Date "2020.07.08"]
[Round "4.5"]
[Board "5"]
[White "Farisse, Joao"]
[Black "Castellanos Villela, Alejandro"]
[Result "0-1"]
[BlackTitle "CM"]
[WhiteElo "1574"]
[BlackElo "2202"]
[WhiteTeam "Mozambique"]
[BlackTeam "Chile"]
[WhiteFideId "14800730"]
[BlackFideId "3446379"]
[EventDate "2020.07.07"]
[EventType "team"]

1. c4 g6 2. Nc3 Bg7 3. g3 c5 4. Bg2 Nc6 5. Nf3 e6 6. O-O Nge7 7. d3 O-O 8. Rb1
b6 9. Bd2 Bb7 10. a3 d5 11. cxd5 Nxd5 12. Qc1 Rc8 13. Bh6 Nd4 14. Re1 Nxc3 15.
bxc3 Nxf3+ 16. Bxf3 Bxf3 17. Bxg7 Kxg7 18. exf3 Qxd3 19. Kg2 Rfd8 20. Rb2 Rd5
21. Rbe2 Rcd8 22. h4 Qc4 23. Qe3 Kg8 24. g4 Rd3 25. Qg5 Qxc3 26. Re3 f6 27. Qf4
Rxe3 28. Rxe3 Qd4 29. Re4 Qd6 30. Qxf6 Rf8 31. Qg5 Qd3 32. Re3 Qd8 33. Qh6 Qf6
34. h5 g5 35. Qxf6 Rxf6 36. Kf1 Kf7 37. Ke2 Ke7 38. Kd3 Rf4 39. Kc3 h6 40. Rd3
Ra4 41. Kb3 c4+ 42. Kxa4 cxd3 43. Kb3 Kf6 44. Kc3 Ke5 45. Kxd3 Kf4 46. Ke2 b5
47. Kd3 Kxf3 48. Kd4 a5 49. Ke5 b4 50. axb4 axb4 51. Kxe6 Kxg4 52. Kf6 Kxh5 0-1

[Event "Online Olym Div3 D 2020"]
[Site "chess.com INT"]
[Date "2020.07.08"]
[Round "5.1"]
[Board "1"]
[White "Henriquez Villagra, Cristobal"]
[Black "Bouzidi, Ahmed"]
[Result "1-0"]
[WhiteTitle "GM"]
[BlackTitle "CM"]
[WhiteElo "2600"]
[BlackElo "2150"]
[WhiteTeam "Chile"]
[BlackTeam "Tunisia"]
[WhiteFideId "3409350"]
[BlackFideId "5501733"]
[EventDate "2020.07.07"]
[EventType "team"]

1. e4 c6 2. Nf3 d5 3. d3 dxe4 4. dxe4 Qxd1+ 5. Kxd1 Bg4 6. Nd2 Nd7 7. Bd3 e6 8.
h3 Bh5 9. b3 Nc5 10. Bb2 O-O-O 11. Ke2 Nf6 12. g4 Bg6 13. Ne5 Nfd7 14. Nxg6 hxg6
15. Nf3 f6 16. h4 Nxd3 17. cxd3 e5 18. g5 Nc5 19. Rad1 Ne6 20. Bc1 Bc5 21. Be3
Bb6 22. Rdg1 Rhg8 23. Rg2 Rde8 24. gxf6 gxf6 25. Rhg1 Nf8 26. Bh6 Ne6 27. Rxg6
Rxg6 28. Rxg6 Bd8 29. Be3 b6 30. h5 Rh8 31. h6 Kc7 32. Nh4 Kd7 33. Nf5 Ke8 34.
Ng7+ Kf7 35. Rg3 Rh7 36. Nxe6 Kxe6 37. Rg8 Be7 38. Rc8 c5 39. Rc7 a5 40. Rb7 Kd6
41. Rxb6+ Kc7 42. Ra6 Kb7 43. Rxa5 Bf8 44. Bxc5 Bxh6 45. Ra7+ 1-0

[Event "Online Olym Div3 D 2020"]
[Site "chess.com INT"]
[Date "2020.07.08"]
[Round "5.1"]
[Board "2"]
[White "Zaibi, Amir"]
[Black "Vasquez Schroeder, Rodrigo"]
[Result "0-1"]
[WhiteTitle "GM"]
[BlackTitle "GM"]
[WhiteElo "2383"]
[BlackElo "2441"]
[WhiteTeam "Tunisia"]
[BlackTeam "Chile"]
[WhiteFideId "5500796"]
[BlackFideId "3400042"]
[EventDate "2020.07.07"]
[EventType "team"]

1. e4 c5 2. Nf3 d6 3. d4 cxd4 4. Nxd4 Nf6 5. Nc3 a6 6. Bc4 e6 7. Bb3 b5 8. Qf3
Qb6 9. Be3 Qb7 10. O-O-O Nbd7 11. Rhe1 Be7 12. Qg3 Nc5 13. Qxg7 Rg8 14. Qh6 Rg6
15. Qh3 b4 16. Na4 e5 17. Nxc5 dxc5 18. Nf5 Qb5 19. Qh4 Bxf5 20. exf5 Rg4 21.
Bxf7+ Kxf7 22. Qh6 Qc4 23. Kb1 Rh4 24. b3 Rxh6 25. bxc4 Rxh2 26. g3 h5 27. Bg5
e4 28. Re2 Rd8 29. Rxd8 Bxd8 30. c3 bxc3 31. Kc2 Bc7 32. Kxc3 Be5+ 33. Kb3 Bd4
34. Bxf6 Kxf6 35. Rxe4 Rxf2 36. Rh4 Rxf5 37. g4 Rf3+ 38. Ka4 hxg4 39. Rxg4 Rc3
40. Ka5 Ra3+ 41. Kb6 Rxa2 42. Rh4 a5 43. Kb5 a4 44. Rh3 Ra1 45. Rh6+ Kg5 46. Ra6
Rb1+ 47. Kc6 Ra1 48. Kd5 a3 49. Ke4 a2 50. Kd5 Bf2 51. Kc6 Kf5 52. Ra8 Ke4 53.
Ra4 Kd3 54. Kd5 Kc3 0-1

[Event "Online Olym Div3 D 2020"]
[Site "chess.com INT"]
[Date "2020.07.08"]
[Round "5.1"]
[Board "3"]
[White "Morales Flores, Monserrat"]
[Black "Miladi, Amen"]
[Result "1-0"]
[WhiteTitle "WCM"]
[BlackTitle "WFM"]
[WhiteElo "1974"]
[BlackElo "1784"]
[WhiteTeam "Chile"]
[BlackTeam "Tunisia"]
[WhiteFideId "3412016"]
[BlackFideId "5503779"]
[EventDate "2020.07.07"]
[EventType "team"]

1. e4 c5 2. Nf3 e6 3. d4 cxd4 4. Nxd4 a6 5. Be2 Nf6 6. Nc3 Qc7 7. O-O Be7 8. Be3
O-O 9. a4 Nc6 10. Kh1 d5 11. exd5 Nxd5 12. Nxd5 exd5 13. c3 Bf6 14. Bf3 Rd8 15.
Re1 Be6 16. Rc1 Qd7 17. Nb3 Ne5 18. Bd4 Nxf3 19. Qxf3 Bg5 20. Qg3 Bh6 21. Nc5
Qc8 22. a5 g6 23. Qe5 f6 24. Qxf6 Re8 25. Qh8+ Kf7 26. Qxh7+ Kf8 27. Qxh6+ 1-0

[Event "Online Olym Div3 D 2020"]
[Site "chess.com INT"]
[Date "2020.07.08"]
[Round "5.1"]
[Board "4"]
[White "Ayed, Ranim"]
[Black "Reyes Jara, Paula"]
[Result "0-1"]
[BlackTitle "WFM"]
[WhiteElo "1406"]
[BlackElo "1871"]
[WhiteTeam "Tunisia"]
[BlackTeam "Chile"]
[WhiteFideId "5505283"]
[BlackFideId "3403920"]
[EventDate "2020.07.07"]
[EventType "team"]

1. Nf3 Nf6 2. g3 g6 3. Bg2 Bg7 4. O-O O-O 5. d3 d5 6. Nbd2 d4 7. e4 dxe3 8. fxe3
Nd5 9. Nc4 c5 10. e4 Nb6 11. Nfd2 Be6 12. Ne3 Nc6 13. Nb3 Qd6 14. Nd2 Rad8 15.
Kh1 Qc7 16. Nb3 Nb4 17. Qe2 Na4 18. a3 Nc6 19. c3 Bxb3 20. d4 cxd4 21. cxd4 Nxd4
22. Qd3 Be6 0-1

[Event "Online Olym Div3 D 2020"]
[Site "chess.com INT"]
[Date "2020.07.08"]
[Round "5.1"]
[Board "5"]
[White "Castellanos Villela, Alejandro"]
[Black "Boulaares, Adam"]
[Result "0-1"]
[WhiteTitle "CM"]
[WhiteElo "2202"]
[BlackElo "1861"]
[WhiteTeam "Chile"]
[BlackTeam "Tunisia"]
[WhiteFideId "3446379"]
[BlackFideId "5508657"]
[EventDate "2020.07.07"]
[EventType "team"]

1. e4 c6 2. d4 d5 3. e5 Bf5 4. Nf3 e6 5. Be2 Ne7 6. O-O Nd7 7. Nbd2 Bg6 8. a4
Nf5 9. a5 Be7 10. Nb3 O-O 11. Bd2 Rc8 12. c4 Qc7 13. c5 b6 14. cxb6 axb6 15. a6
c5 16. g4 Nh4 17. Nxh4 Bxh4 18. f4 c4 19. Nc1 Be4 20. Bf3 Bxf3 21. Rxf3 Be7 22.
f5 Rfe8 23. Na2 b5 24. Bb4 Bg5 25. Qe1 Qb6 26. Qf2 Qxa6 27. h4 Bd8 28. fxe6 Qxe6
29. Rf1 Qxg4+ 30. Kh1 Bxh4 31. Qh2 Qxd4 32. Rf4 Qxe5 33. Qxh4 f6 34. Bc3 Qe7 35.
Qh3 Ne5 36. Qg3 Ng6 37. Rg4 Qe2 38. Rf2 Qd1+ 39. Kh2 d4 40. Bxd4 Qd3 41. Qg2
Rcd8 42. Nb4 Qb1 0-1

[Event "Online Olym Div3 D 2020"]
[Site "chess.com INT"]
[Date "2020.07.08"]
[Round "5.1"]
[Board "6"]
[White "Chihi, Malek"]
[Black "Figueroa Bernal, Julia Dennis"]
[Result "0-1"]
[WhiteTitle "WCM"]
[BlackTitle "WCM"]
[WhiteElo "1664"]
[BlackElo "1776"]
[WhiteTeam "Tunisia"]
[BlackTeam "Chile"]
[WhiteFideId "5504430"]
[BlackFideId "3435300"]
[EventDate "2020.07.07"]
[EventType "team"]

1. e4 c5 2. Nf3 e6 3. d4 cxd4 4. Nxd4 a6 5. c4 Nf6 6. Bd3 Nc6 7. Nf3 Qc7 8. O-O
Be7 9. a3 d6 10. Be3 h6 11. Nc3 Ng4 12. Bf4 Nge5 13. Nxe5 dxe5 14. Be3 g5 15.
Rc1 Nd4 16. Ne2 Bf6 17. Bxd4 exd4 18. Bc2 e5 19. Ba4+ Kf8 20. Ng3 g4 21. f3 Bg5
22. Rc2 h5 23. fxg4 Bxg4 24. Qd3 h4 25. Nf5 Bf4 0-1

[Event "Online Olym Div3 D 2020"]
[Site "chess.com INT"]
[Date "2020.07.08"]
[Round "5.2"]
[Board "1"]
[White "Martinez Reyes, Pedro Ramon"]
[Black "Paiva, Donaldo"]
[Result "1-0"]
[WhiteTitle "FM"]
[BlackTitle "CM"]
[WhiteElo "2422"]
[BlackElo "2230"]
[WhiteTeam "Venezuela"]
[BlackTeam "Mozambique"]
[WhiteFideId "3901807"]
[BlackFideId "14800098"]
[EventDate "2020.07.07"]
[EventType "team"]

1. e4 e5 2. Nf3 Nc6 3. d4 exd4 4. Nxd4 Nf6 5. Nxc6 bxc6 6. Bd3 d5 7. exd5 cxd5
8. O-O Be7 9. c4 O-O 10. cxd5 Qxd5 11. Nc3 Qa5 12. Bd2 Rd8 13. Qf3 Rb8 14. Rae1
Be6 15. Bc1 Rd4 16. Bc2 Rbd8 17. h3 Bb4 18. Rd1 Be7 19. Rxd4 Rxd4 20. Qe3 Bc5
21. Qf3 Rd8 22. Rd1 Bd6 23. Bf4 h6 24. Bxd6 cxd6 25. Ne4 Nxe4 26. Qxe4 g6 27. a3
Qb6 28. Qh4 Rc8 29. Bb1 Qxb2 30. Qxh6 Qf6 31. Qd2 d5 32. Ba2 Rd8 33. Qa5 Rd7 34.
Qc5 d4 35. Bxe6 Qxe6 36. Rxd4 Rxd4 37. Qxd4 a6 38. Kh2 Qb3 39. Qe3 Qb5 40. h4
Qb8+ 41. Qg3 Qb5 42. Qf4 Kg7 43. Qd4+ Kg8 44. Qf6 Qb8+ 45. g3 Qb5 46. Qg5 Qe2
47. Qf6 Qd3 48. a4 Qc4 49. a5 Qb5 50. Qb6 Qe2 51. Qf6 Qb5 52. Qg5 Qe2 53. Kg2
Qe4+ 54. Kh2 Qe2 55. Qd8+ Kg7 56. Qd4+ Kg8 57. Kg2 Qb5 58. Qd8+ Kg7 59. Qg5 Qc6+
60. Kh2 Qf3 61. Kg1 Qd1+ 62. Kg2 Qd3 63. h5 Qe4+ 64. Kh2 Qf3 65. h6+ Kh7 66. Kg1
f6 67. Qd2 g5 68. Qd6 Kxh6 69. Qxa6 Kh5 70. Qf1 Kg4 71. a6 Qa3 72. Qe2+ Kf5 73.
Kg2 g4 74. Qb5+ Kg6 75. Qb7 1-0

[Event "Online Olym Div3 D 2020"]
[Site "chess.com INT"]
[Date "2020.07.08"]
[Round "5.2"]
[Board "2"]
[White "Napoleao, Lourenco"]
[Black "Blanco Acevedo, Cristobal Jose"]
[Result "0-1"]
[BlackTitle "IM"]
[WhiteElo "1807"]
[BlackElo "2361"]
[WhiteTeam "Mozambique"]
[BlackTeam "Venezuela"]
[WhiteFideId "14801302"]
[BlackFideId "3900525"]
[EventDate "2020.07.07"]
[EventType "team"]

1. e4 g6 2. d4 d6 3. Nc3 Bg7 4. f4 c6 5. Nf3 Nf6 6. Bd3 Nh5 7. e5 Qb6 8. Bd2 O-O
9. Na4 Qc7 10. b3 b5 11. Nb2 c5 12. c3 a6 13. Rc1 Ra7 14. O-O f5 15. Be3 Bh6 16.
Qd2 Rb7 17. Be2 Nd7 18. Kh1 Ng7 19. c4 b4 20. Rcd1 cxd4 21. Bxd4 Nc5 22. exd6
exd6 23. Bxc5 dxc5 24. Ne5 Ne6 25. Bf3 Bxf4 26. Qc2 Bxe5 27. Bxb7 Bxb7 28. Nd3
Be4 29. Qf2 Bxh2 30. Qh4 Bg3 31. Qh6 Qg7 32. Qxg7+ Kxg7 33. Nf2 Nd4 34. Nxe4
fxe4 35. Rxf8 Kxf8 36. Rf1+ Kg7 0-1

[Event "Online Olym Div3 D 2020"]
[Site "chess.com INT"]
[Date "2020.07.08"]
[Round "5.2"]
[Board "3"]
[White "Varela La Madrid, Tilsia Carolina"]
[Black "Vilhete, Vania Fausto Da T."]
[Result "1-0"]
[WhiteTitle "WIM"]
[BlackTitle "WIM"]
[WhiteElo "2060"]
[BlackElo "1799"]
[WhiteTeam "Venezuela"]
[BlackTeam "Mozambique"]
[WhiteFideId "3903001"]
[BlackFideId "14800144"]
[EventDate "2020.07.07"]
[EventType "team"]

1. e4 c5 2. Nf3 d6 3. c3 Nf6 4. Be2 e6 5. O-O Be7 6. Re1 O-O 7. d3 Nc6 8. h3 a6
9. Be3 b5 10. Nbd2 Bb7 11. Nf1 Qc7 12. Ng3 d5 13. Rc1 Rfd8 14. Qc2 Rac8 15. Bf1
b4 16. Bg5 h6 17. Bd2 dxe4 18. dxe4 a5 19. cxb4 axb4 20. Be3 Ne5 21. Nxe5 Qxe5
22. f4 Qc7 23. Bc4 Qb6 24. Bf2 Ba6 25. Bxa6 Qxa6 26. b3 Rd3 27. Qc4 Qxa2 28.
Qxd3 Rd8 29. Qc2 Qa6 30. Ra1 1-0

[Event "Online Olym Div3 D 2020"]
[Site "chess.com INT"]
[Date "2020.07.08"]
[Round "5.2"]
[Board "4"]
[White "Sitoe, Cheila Andre"]
[Black "Patino Garcia, Corals"]
[Result "0-1"]
[WhiteTitle "WCM"]
[BlackTitle "WFM"]
[WhiteElo "1588"]
[BlackElo "1921"]
[WhiteTeam "Mozambique"]
[BlackTeam "Venezuela"]
[WhiteFideId "14800780"]
[BlackFideId "3902781"]
[EventDate "2020.07.07"]
[EventType "team"]

1. e4 e5 2. Nf3 Nc6 3. Bc4 Nf6 4. d3 Bc5 5. a3 a6 6. Bg5 h6 7. Bh4 d6 8. h3 Ba7
9. Nc3 g5 10. Bg3 Ne7 11. b4 Ng6 12. Nd5 Nxd5 13. Bxd5 Nf4 14. Bxf4 gxf4 15. d4
Qf6 16. dxe5 dxe5 17. Qd3 c6 18. Bb3 Rg8 19. Rh2 Be6 20. c4 Rd8 21. Qc3 Bd4 22.
Nxd4 Rxd4 23. f3 Qh4+ 24. Kf1 Qg3 25. Kg1 Bxh3 26. Qc2 Qxf3 27. Re1 Qg3 28. Rf1
f3 29. c5 Bxg2 30. Rf2 Bh3+ 31. Kh1 Qg1# 0-1

[Event "Online Olym Div3 D 2020"]
[Site "chess.com INT"]
[Date "2020.07.08"]
[Round "5.2"]
[Board "5"]
[White "Salazar Olchowski, Gabriel Anton"]
[Black "Vasco, Mateus Felizardo Viageiro"]
[Result "0-1"]
[WhiteTitle "FM"]
[WhiteElo "2159"]
[BlackElo "1862"]
[WhiteTeam "Venezuela"]
[BlackTeam "Mozambique"]
[WhiteFideId "3920747"]
[BlackFideId "14800403"]
[EventDate "2020.07.07"]
[EventType "team"]

1. e4 c5 2. Nf3 d6 3. d4 cxd4 4. Nxd4 Nf6 5. Nc3 a6 6. Be3 e5 7. Nb3 Be6 8. h3
b5 9. a4 b4 10. Nd5 Bxd5 11. exd5 Be7 12. g4 O-O 13. g5 Ne8 14. h4 f5 15. gxf6
Nxf6 16. Bh3 Kh8 17. Qd2 a5 18. Rg1 Nbd7 19. O-O-O Nh5 20. Bg5 Nf4 21. Be6 Nb6
22. Bxf4 Rxf4 23. h5 Nxa4 24. Rg2 Bg5 25. Kb1 Bh6 26. Qe2 Nb6 27. Qb5 Nc4 28.
Nc1 a4 29. Nd3 Rd4 30. Rg4 Rxg4 31. Bxg4 Nd2+ 32. Ka1 b3 33. Rxd2 Bxd2 34. c4
Qg5 35. Qb7 Rg8 36. Be6 Qg1+ 0-1

[Event "Online Olym Div3 D 2020"]
[Site "chess.com INT"]
[Date "2020.07.08"]
[Round "5.2"]
[Board "6"]
[White "Efentakis, Theodora"]
[Black "Alvarado Arcila, Marvia Josefina"]
[Result "0-1"]
[BlackTitle "WFM"]
[WhiteElo "1147"]
[BlackElo "1967"]
[WhiteTeam "Mozambique"]
[BlackTeam "Venezuela"]
[WhiteFideId "14801078"]
[BlackFideId "3909034"]
[EventDate "2020.07.07"]
[EventType "team"]

1. e4 g6 2. Nf3 Bg7 3. Bc4 d6 4. h3 Nf6 5. Nc3 c6 6. a3 O-O 7. O-O Nbd7 8. d3 b5
9. Ba2 a6 10. Be3 Bb7 11. Rb1 c5 12. Ne2 Qa5 13. Bd2 b4 14. Bb3 Qb6 15. axb4
cxb4 16. Be3 Qc7 17. Qd2 Rfb8 18. Bh6 Bh8 19. Ng5 d5 20. exd5 Bxd5 21. Nd4 Bxb3
22. Nxb3 a5 23. Qe2 Qd6 24. Rfe1 e6 25. Nf3 Nd5 26. Qe4 Nc5 27. Nxc5 Qxc5 28.
Rec1 a4 29. Ng5 Re8 30. Qf3 Qe7 31. Qe4 a3 32. bxa3 bxa3 33. Qc4 Rec8 34. Qb3
Nc3 35. Ra1 Ne2+ 36. Kh2 Nxc1 0-1

[Event "Online Olym Div3 D 2020"]
[Site "chess.com INT"]
[Date "2020.07.08"]
[Round "5.3"]
[Board "1"]
[White "Zambrana, Oswaldo"]
[Black "Andersen, Mads"]
[Result "1/2-1/2"]
[WhiteTitle "GM"]
[BlackTitle "GM"]
[WhiteElo "2438"]
[BlackElo "2585"]
[WhiteTeam "Bolivia"]
[BlackTeam "Denmark"]
[WhiteFideId "3300200"]
[BlackFideId "1413864"]
[EventDate "2020.07.07"]
[EventType "team"]

1. e4 e5 2. Nf3 Nc6 3. Bc4 Nf6 4. d3 Bc5 5. O-O a6 6. c3 d6 7. a4 Ba7 8. Be3
Bxe3 9. fxe3 O-O 10. Nbd2 Ne7 11. Qe1 Ng6 12. Nh4 Nxe4 13. Nxe4 Nxh4 14. Nf6+
gxf6 15. Qxh4 f5 16. Qh6 Kh8 17. e4 f4 18. g3 Rg8 19. Bxf7 Rg7 20. Bh5 Qg5 21.
Qxg5 Rxg5 22. Bf7 fxg3 23. Bc4 gxh2+ 24. Kxh2 Bd7 25. Rf6 Rg6 26. Raf1 Rxf6 27.
Rxf6 Bxa4 28. Rf7 Bb5 29. Bxb5 axb5 30. Rxc7 Ra2 31. Rxb7 Rxb2+ 32. Kg3 Rd2 33.
Kg4 Rxd3 34. Rxb5 Rxc3 35. Kf5 Rc8 36. Ke6 Re8+ 37. Kxd6 Kg7 38. Rxe5 Rxe5 39.
Kxe5 Kf7 40. Kf5 Ke7 41. Kg5 Ke6 42. Kh6 Ke5 43. Kxh7 Kxe4 1/2-1/2